Somatic embryo, an alternative target tissue for Agrobacterium-mediated transformation in Hevea brasiliensis (Record no. 68902)

MARC details
000 -LEADER
fixed length control field 02234nam a2200181Ia 4500
100 ## - MAIN ENTRY--AUTHOR NAME
Personal name Huang T D
245 #0 - TITLE STATEMENT
Title Somatic embryo, an alternative target tissue for Agrobacterium-mediated transformation in Hevea brasiliensis
260 ## - PUBLICATION, DISTRIBUTION, ETC. (IMPRINT)
Name of publisher Journal of Rubber Research
Year of publication 2015
300 ## - PHYSICAL DESCRIPTION
Number of Pages 171-188
500 ## - GENERAL NOTE
General note Source Year: 2015
520 ## - SUMMARY, ETC.
Summary, etc Traditionally, embryogenic callus has been used as the only receptor source of genetic transformation in Hevea brasiliensis. In this study, it showed that somatic embryos were a viable alternative to embryogenic callus. The appropriate concentration of both decontamination and selection antibiotics was firstly screened. Visual and cytological observations found both epidermal and subepidermal cotyledon cells could be infected, indicating that somatic embryos were susceptible to antibiotics and Agrobacterium. Subsequently, five isolated consecutive transformation experiments were carried out to produce the transgenic plants using a total of 1158 somatic embryos of which 47 (4.06;) GUS-positive embryos were produced after cell differentiation and embryogenesis. Six were successfully multiplied and produced 33 plants. PCR and Southern blot analysis confirmed that the T-DNA was integrated into the recovered plants. Finally, three additional cycles of secondary embryogenesis were carried out for transgenic embryo proliferation efficiency assessment. The rate of proliferation tended to slightly increase with each proliferation generation, and one initial transgenic embryo-derived GUS-negative embryo were observed in the fifth multiplication cycle, indicating that transgenic plants could be propagated through secondary embryogenesis adn some initial transgenic embryos might be chimeric. This is the first attempt on producing transgenic plants using somatic embryos as the target tissue in H. brasiliensis. It is demonstrated that somatic embryos can be used as an alternative target tissue for Agrobacterium-mediated transformation in Hevea brasiliensis.
650 ## - SUBJECT ADDED ENTRY--TOPICAL TERM
Topical Term Agrobacterium tumefaciens
650 ## - SUBJECT ADDED ENTRY--TOPICAL TERM
Topical Term Genetic transformation
650 ## - SUBJECT ADDED ENTRY--TOPICAL TERM
Topical Term Secondary embryogenesis
650 ## - SUBJECT ADDED ENTRY--TOPICAL TERM
Topical Term Somatic embryo
942 ## - ADDED ENTRY ELEMENTS (KOHA)
Koha item type Journals
Holdings
Withdrawn status Lost status Damaged status Not for loan Home library Current library Shelving location Date acquired Serial Enumeration / chronology Koha item type
      Journals RRII Library RRII Library Biotechnology 17/12/2021 Volume 18, Issue 3 Journals